| 000 | 01469cam a2200253 4500 | ||
|---|---|---|---|
| 001 | ABS68056 | ||
| 008 | 040716n2004 000 0 eng u | ||
| 035 | _a(Sirsi) u126806 | ||
| 245 | _aMontlake and other (as trustees of WASPS Football Club) v Lambert Smith Hampton Group Ltd | ||
| 260 | _c2004 | ||
| 520 | _a[2004] EWHC 1503 (Comm), 8 July 2004. W and L were in dispute over a number of cost issues relating to a damages action for breach of contract and negligence in respect of L's carrying out a valuation of a sports ground. "Held": that W was entitled to the costs of the proceedings without any deductions; that W should be awarded enhanced interest at a rate of 6% on the principal sum which has been recovered from 13 January 2004 to 28 May 2004; and that indemnity costs should also be assessed from 13 January 2004 but no order was made regardings interest on these costs. A stay in relation to the costs was ordered pending L's appeal against HC decision of 6 May 2004 ([2004] EWHC 938 (Comm), Abs67861). View judgment at www.courtservice.org.uk. | ||
| 590 | _aABS | ||
| 590 | _aABS | ||
| 590 | _aABS | ||
| 650 | _aWASPS FOOTBALL CLUB'S TRUSTEES V LAMBERT SMITH HAMPTON GROUP LTD AND ANOTHER | ||
| 650 | _aDEPRECIATED REPLACEMENT COST | ||
| 650 | _aOPEN MARKET VALUE | ||
| 650 | _aDUTY OF CARE | ||
| 650 | _aVALUERS | ||
| 650 | _aDAMAGES | ||
| 650 | _aINDEMNITY | ||
| 690 | _aPROFESSIONAL PRACTICE-NEGLIGENCE-CASE LAW | ||
| 942 | _n0 | ||
| 999 |
_c117717 _d117717 |
||